Statistics for The Greatest Conquerors in History

Click here to take the quiz!

General Stats

  • This quiz has been taken 254 times
  • The average score is 4 of 10

Answer Stats

RankCenturySquare Miles of LandAnswer% Correct
2300's BC2,180,000Alexander the Great
89%
11100's and 1200's4,860,000Genghis Khan
84%
61900's1,370,000Adolf Hitler
73%
71700's and 1800's720,000Napoleon Bonaparte
72%
5400's1,450,000Attila the Hun
40%
4500s BC2,090,000Cyrus the Great
31%
31300's2,145,000Timur
30%
101900's and 2000's423,000George W. Bush
16%
91400's and 1500's480,000Francisco Pizzaro
4%
8900's and 1000's680,000Mahmud of Ghanzi
3%

Score Distribution

Percentile by Number Answered

Percent of People with Each Score

Your Score History

You have not taken this quiz